UM Logo

Gender-sensitive and feminist methodologies: (Record no. 2622)

MARC details
000 -LEADER
fixed length control field 00551nam a22001457a 4500
008 - FIXED-LENGTH DATA ELEMENTS--GENERAL INFORMATION
fixed length control field 160521b xxu||||| |||| 00| 0 eng d
020 ## - INTERNATIONAL STANDARD BOOK NUMBER
International Standard Book Number 971-542-334-5
082 ## - DEWEY DECIMAL CLASSIFICATION NUMBER
Edition number 2002
Classification number DFil 305.42072
Item number G28
245 ## - TITLE STATEMENT
Title Gender-sensitive and feminist methodologies:
Remainder of title a handbook for health and social researches/
Statement of responsibility, etc. edited by Guerrero Sylvia.
260 ## - PUBLICATION, DISTRIBUTION, ETC. (IMPRINT)
Place of publication, distribution, etc. Quezon City:
Name of publisher, distributor, etc. University of the Philippine Press,
Date of publication, distribution, etc. c2002.
300 ## - PHYSICAL DESCRIPTION
Extent viii, 400 pages;
Dimensions 23 cm.
650 #0 - SUBJECT ADDED ENTRY--TOPICAL TERM
9 (RLIN) 8659
Topical term or geographic name as entry element Feminism
General subdivision Research
-- Methodology
700 ## - ADDED ENTRY--PERSONAL NAME
9 (RLIN) 8660
Personal name Guerrero, Sylvia H.
942 ## - ADDED ENTRY ELEMENTS (KOHA)
Source of classification or shelving scheme Dewey Decimal Classification
Koha item type Filipiniana
Holdings
Withdrawn status Lost status Source of classification or shelving scheme Damaged status Not for loan Collection code Home library Current library Date acquired Total Checkouts Full call number Barcode Date last seen Price effective from Koha item type
    Dewey Decimal Classification     Filipiniana UM Digos College - LIC UM Digos College - LIC 05/20/2004   DFil 305.42072 G28 2002 17189 05/15/2025 05/21/2016 Filipiniana